Biochemistry. A case oriented-approach.
Salvato in:
| Autori principali: | , , , |
|---|---|
| Natura: | Sconosciuto |
| Lingua: | inglese |
| Pubblicazione: |
St. Louis, USA:
Mosby,
1996
|
| Edizione: | Sixth edition. |
| Soggetti: | |
| Tags: |
Aggiungi Tag
Nessun Tag, puoi essere il primo ad aggiungerne!!
|
MARC
| LEADER | 00000 a2200000 4500 | ||
|---|---|---|---|
| 003 | CL-VaPUC | ||
| 005 | 20241203093835.0 | ||
| 008 | 220413b1996 ||||| |||| 00| 0 eng d | ||
| 999 | |c 434299 |d 434297 | ||
| 020 | |a 9780815164838 | ||
| 040 | |c Pontificia Universidad Católica de Valparaíso | ||
| 082 | 7 | |a 572 MON 1996 |2 22 | |
| 100 | 1 | |a Montgomery, Rex |9 865183 |e author | |
| 245 | 1 | |a Biochemistry. |b A case oriented-approach. | |
| 250 | |a Sixth edition. | ||
| 260 | |a St. Louis, USA: |b Mosby, |c 1996 | ||
| 300 | |a 683 páginas, |b ilustraciones. | ||
| 583 | |k Cristina María Rojas Aguilar |c 20220413 | ||
| 650 | 0 | |a Bioquímica |x Citología |x Nutrición |x Metabolismo |9 259492 | |
| 650 | 0 | |a Sangre |9 338522 | |
| 650 | 0 | |a Biosíntesis |x Aminoácidos |x Proteínas |9 893134 | |
| 650 | 0 | |a Genética |9 259443 | |
| 650 | 0 | |a Endocrinología |x Hormonas |9 893135 | |
| 700 | |a Conway, Thomas W. |e author |9 868482 | ||
| 700 | |a Spector, Arthur A. |e author |9 868483 | ||
| 700 | |a Chappell, David |e author |9 868484 | ||
| 942 | |2 ddc |c BK | ||
| 952 | |0 0 |1 0 |2 ddc |4 0 |6 572_000000000000000_MON_1996 |7 0 |8 A |9 582589 |a BIBCUR |b BIBCUR |c GEN |d 2022-04-13 |e 59 |g 185612.02 |i 5650592 |l 1 |m 2 |o 572 MON 1996 |p 5650592 |r 2025-04-22 |s 2025-04-02 |t 1 |v 185612.02 |w 2022-04-13 |y BK |k TEM | ||